| 000 | 00858nam a2200265 i 4500 | ||
|---|---|---|---|
| 001 | bgj | ||
| 100 | 1 |
_aHOLT, Richard _d(1948- ) |
|
| 245 | 1 | 0 |
_aSport and the British : _ba modern history / _cRichard Holt. |
| 250 | _a3rd reprint. | ||
| 260 |
_aOxford : _bClarendon Press, _c1992. |
||
| 300 |
_aXII, 396, [8] pp : _bplates ; _c22 cm. |
||
| 490 | 1 | _aOxford Studies in Social History | |
| 500 | _aReprint. Originally published: Oxford, UK : Clarendon Press; New York : OUP, 1989. | ||
| 504 | _aBibliography p. 369-386. | ||
| 505 | _aIncludes index. | ||
| 650 | 9 |
_aSports _xHistory _zGreat Britain |
|
| 650 | 9 |
_aSports _xSocial aspects _zGreat Britain |
|
| 830 | _aOxford Studies in Social History | ||
| 020 | _a0192852299 | ||
| 040 | _cBPK | ||
| 041 | 0 | _aeng | |
| 920 | _a0-19-285229-9 | ||
| 942 | _cKS | ||
| 008 | s uk f |000 0 eng | ||
| 999 |
_c49264 _d49264 |
||
| 856 |
_uhttp://koha.tu.koszalin.pl/cgi-bin/koha/opac-detail.pl?biblionumber=49264 _yKatalog online BPK |
||